Worker cooperatives with particular reference to Malta: and educationist's theory and practice

Сохранить в:
Библиографические подробности
Соавтор: Institute of Social Studies (Автор)
Формат:
Язык:английский
Опубликовано: La Haya Institute of Social Studies 1990
Предметы:
Метки: Добавить метку
Нет меток, Требуется 1-ая метка записи!

MARC

LEADER 00000nam a2200000 a 4500
001 UCX3688
003 CL-VaPUC
008 911125e19900000NE |||||||||||||||||eng|d
082 0 4 |a 334.7  |b INS  |2 21 
110 2 |a Institute of Social Studies  |e author  |9 319867 
245 1 0 |a Worker cooperatives with particular reference to Malta: and educationist's theory and practice 
300 |a 156 p 
942 |c BK 
945 |d 19911125 00:00:00 
260 |a La Haya  |b Institute of Social Studies  |c 1990 
650 0 |a Sociedades de beneficencia  |9 319868 
650 0 |a Cooperativas  |9 319869 
650 7 |a AYUDA A LA EDUCACION  |2 CL-VaPUC  |9 319870 
651 7 |a ISLA MALTA  |2 CL-VaPUC  |9 319871 
583 |a last modification  |c 19911125 00:00:00  |k Rodrigo Vera 
999 |c 224374  |d 224372 
952 |0 0  |1 0  |4 0  |6 334_700000000000000_INS_1990  |7 0  |8 A  |9 220954  |a BIBHIS  |b BIBHIS  |d 2019-11-15  |i 2897091  |l 1  |m 1  |o 334.7 INS 1990  |p 2897091  |r 2025-01-20  |s 2023-10-23  |w 2019-11-15  |y BK  |k HIS